000 01094cam a2200301 a 4500
005 20260322212017.0
008 data
010 _a 2011053101
020 _a9781612120058 (pbk. : alk. paper)
020 _a1612120059 (pbk. : alk. paper)
040 _aDLC
_beng
_cDLC
_dDLC
_dGCB
_dIHI
_dDLC
042 _apcc
050 0 0 _aRM666.H33
_bG538 2012
082 0 0 _a615.3/21
_223
092 _a615.3 Gla 2012
100 1 _aGladstar, Rosemary.
245 1 0 _aRosemary Gladstar's medicinal herbs :
_ba beginner's guide /
_cRosemary Gladstar.
246 3 0 _aMedicinal herbs
260 _aNorth Adams, MA :
_bStorey Pub.,
_c2012.
300 _a224 p. :
_bcol. ill. ;
_c23 cm.
500 _aIncludes index.
650 0 _aHerbs
_xTherapeutic use.
650 0 _aMateria medica, Vegetable.
906 _a7
_bcbc
_corignew
_d1
_eecip
_f20
_gy-gencatlg
925 0 _aacquire
_b2 shelf copies
_xpolicy default
955 _wrd13 2012-02-22
_frc20 2012-05-25 Z-CipVer to BCCD
_trg07 2012-06-04 added copy 2 (telework)
001 data
999 _c371
_d371